|
|
|
|
| LEADER |
00000cam a2200000 a 4500 |
| 001 |
vtls008359679 |
| 003 |
SK-MaSNL |
| 005 |
20260301094437.0 |
| 008 |
251001s1961 xo dal crp 000 0 slo |
| 015 |
|
|
|a SNBA1962/09-01623
|
| 020 |
|
|
|q (viazané)
|
| 035 |
|
|
|a SK01SNK19620051896
|
| 035 |
|
|
|a urn:nbn:sk:snk-am3ihfz
|
| 035 |
|
|
|a B704DD37-0157-44C1-8119-A1743AB8BBAA
|
| 035 |
|
|
|a urn:nbn:sk:snk-am00ee5m
|
| 035 |
|
|
|a SKM000054359
|
| 040 |
|
|
|a SNK
|b slo
|c SNK
|e AACR2
|
| 041 |
1 |
|
|a slo
|h cze
|
| 044 |
|
|
|a xo
|c SK
|a xr
|c CZ
|
| 080 |
|
|
|a 511.1
|2 2011
|
| 080 |
|
|
|a (075.2)
|2 2011
|
| 245 |
0 |
0 |
|a Aritmetika pre 6. ročník
|c spracovali Josef Andrys, Jozef Kroupa, František Lubojacký a Karel Sláma ; preložil Jozef Kroupa
|
| 250 |
|
|
|a Druhé vydanie
|
| 260 |
|
|
|a Bratislava
|b Slovenské pedagogické nakladateľstvo
|c 1961
|e Praha
|f Mír 1
|
| 300 |
|
|
|a 133 strán
|b grafy, ilustrácie, tabuľky
|c 21 cm
|
| 366 |
|
|
|e 19300 kusov
|
| 500 |
|
|
|a Preložené z češtiny
|
| 650 |
0 |
7 |
|a aritmetika
|2 SNKPH
|9 734
|
| 655 |
|
7 |
|a učebnice základných škôl
|2 SNKPH
|9 70187
|
| 700 |
1 |
|
|a Kroupa, Josef,
|d 1910-1975
|4 com
|4 trl
|9 342640
|
| 700 |
1 |
|
|a Andrys, Josef,
|d 1911-
|4 com
|9 198320
|
| 700 |
1 |
|
|a Lubojacký, František
|4 com
|9 342641
|
| 700 |
1 |
|
|a Sláma, Karel
|4 com
|9 342642
|
| 852 |
|
|
|a Slovenská národná knižnica
|
| 958 |
|
|
|a EUIPO
|
| 958 |
|
|
|a TL
|
| 958 |
|
|
|a RK
|
| 958 |
|
|
|a UX
|
| 958 |
|
|
|a OP
|
| 958 |
|
|
|a CZ
|
| 958 |
|
|
|a OND
|
| 968 |
|
|
|b ČES
|
| 999 |
|
|
|c 680293
|d 682223
|
| 952 |
|
|
|a SNK
|b SNK
|y PREZ
|7 0
|p 17A0842589
|o snkSC 16573
|i snkKSP 2890/62
|0 0
|1 0
|4 0
|d 2020-04-19
|f 1
|l 0
|r 2025-07-18 00:00:00
|w 2026-02-23
|
| 952 |
|
|
|a SNK
|b SNK
|y VYP
|7 0
|o snkSC 16573 D1
|0 0
|1 0
|4 0
|d 2020-04-19
|l 0
|r 2026-02-23 19:54:50
|w 2026-02-23
|